000 00549nab a2200133 4500
003 ES-SlBC
005 20210528133453.0
008 131001s2012 sp ||||| |||| 00| 0 spa d
040 _aES-SlBC
_bspa
100 1 _aBuide del Real, Francisco Javier
_987940
245 1 3 _aLa evangelización de la Gallaecia sueva. Entre paganismo y cristianismo (ss.IV-VI)
_cFrancisco Javier Buide del Real
773 0 _gVol. 57, Nº. 3-4, 2012 , págs. 31-118
_tCompostellanum: Revista de la Archidiócesis de Santiago de Compostela
_wRev130
_x0573-2018
942 _2lcc
_cAR
999 _c447542
_d447542